000 00319nam a2200133Ia 4500
005 20251222144853.0
008 251222s9999||||xx |||||||||||||| ||spa||
020 _a0-673-75743-9
082 _a421.54/M86
100 _aMorris, Ann
245 0 _aTell me a Story, Grandpa:
264 _bCelebration Press
942 _cLIB
999 _c21664
_d21664